000 00386nam a2200109Ia 4500
008 171212s9999 xx 000 0 und d
020 _a9781847428851
245 _ceditor Eide, Arne H.;Ingstad, Benedicte
_aDisability and Poverty
_bA Global Challenge
260 _bPolicy Press at the University of Bristol
_c2011
650 _aSociology
856 _uhttp://www.jstor.org/stable/j.ctt9qgths
999 _c351622
_d351622